000 00560nam a2200193Ia 4500
003 OSt
005 20191226104117.0
008 190216s9999||||xx |||||||||||||| ||und||
020 _a9780071238236
040 _coclc
082 _a330.0151
_bCHI/F
100 _aChiang, Alpha C
_9767
245 0 _aFundamentals Methods Of Mathematical Economics /
_cAlpha C Chiang
250 _a4th ed.
260 _bMcgraw -hill,
_aSingapore:
_c2005.
300 _a688p
650 _aEconomics
942 _cBK
_2ddc
_h330.0151
_iCHI/F
_k330.0151
_mCHI/F
999 _c11021
_d11021